Sir Lancelot, where are you? / (Record no. 3294)

MARC details
000 -LEADER
fixed length control field 01222cam a2200373 a 4500
001 - CONTROL NUMBER
control field 3294
003 - CONTROL NUMBER IDENTIFIER
control field FISKH
005 - DATE AND TIME OF LATEST TRANSACTION
control field 20250221100720.0
008 - FIXED-LENGTH DATA ELEMENTS--GENERAL INFORMATION
fixed length control field 990311s1999 nyua b 000 1 eng
010 ## - LIBRARY OF CONGRESS CONTROL NUMBER
LC control number 99020898
020 ## - INTERNATIONAL STANDARD BOOK NUMBER
International Standard Book Number 0448419793 (pbk.)
020 ## - INTERNATIONAL STANDARD BOOK NUMBER
International Standard Book Number 0448420465 (gb.)
020 ## - INTERNATIONAL STANDARD BOOK NUMBER
International Standard Book Number 9780439852395
040 ## - CATALOGING SOURCE
Original cataloging agency DLC
Transcribing agency DLC
Language of cataloging eng
042 ## - AUTHENTICATION CODE
Authentication code lcac
050 00 - LIBRARY OF CONGRESS CALL NUMBER
Classification number PZ7.M47879
Item number Si 1999
082 00 - DEWEY DECIMAL CLASSIFICATION NUMBER
Classification number [Fic]
Edition number 21
100 1# - MAIN ENTRY--PERSONAL NAME
Personal name McMullan, Kate.
245 10 - TITLE STATEMENT
Title Sir Lancelot, where are you? /
Statement of responsibility, etc. by Kate McMullan ; illustrated by Bill Basso.
250 ## - EDITION STATEMENT
Edition statement First Scholastic, March 2006
260 ## - PUBLICATION, DISTRIBUTION, ETC.
Place of publication, distribution, etc. New York :
Name of publisher, distributor, etc. Scholastic,
Date of publication, distribution, etc. 2003
300 ## - PHYSICAL DESCRIPTION
Extent 109 pages ;
Other physical details illustrations ;
Dimensions 20 cm
490 1# - SERIES STATEMENT
Series statement Dragon Slayers' Academy ;
Volume/sequential designation Book 6
505 ## - FORMATTED CONTENTS NOTE
Formatted contents note I<br/>
520 ## - SUMMARY, ETC.
Summary, etc. After the witch, Morgana le Fay, puts a curse on Sir Lancelot, three knights-in-training from the Dragon Slayers' Academy set out to save him.
521 ## - TARGET AUDIENCE NOTE
Target audience note 450<br/>
Source Lexile<br/>
521 ## - TARGET AUDIENCE NOTE
Target audience note I<br/>
Source Raz-Plus<br/>
650 #1 - SUBJECT ADDED ENTRY--TOPICAL TERM
Topical term or geographic name entry element Knights and knighthood
Form subdivision Fiction.
650 #1 - SUBJECT ADDED ENTRY--TOPICAL TERM
Topical term or geographic name entry element Trolls
Form subdivision Fiction.
650 #1 - SUBJECT ADDED ENTRY--TOPICAL TERM
Topical term or geographic name entry element Witches
Form subdivision Fiction.
700 1# - ADDED ENTRY--PERSONAL NAME
Personal name Basso, Bill,
Relator term illustrator
906 ## - LOCAL DATA ELEMENT F, LDF (RLIN)
a 7
b cbc
c orignew
d 1
e ocip
f 19
g y-gencatlg
942 ## - ADDED ENTRY ELEMENTS (KOHA)
Source of classification or shelving scheme Dewey Decimal Classification
Koha item type Books
Suppress in OPAC No
Holdings
Withdrawn status Lost status Source of classification or shelving scheme Damaged status Not for loan Collection Home library Current library Shelving location Date acquired Total Checkouts Full call number Barcode Date last seen Date last checked out Copy number Price effective from Koha item type
    Dewey Decimal Classification     Juvenile Fiction Footprints International School Library Network Toul Kork Campus Footprints International School Library Network Toul Kork Campus TK Primary Library Room(4th Floor), Bookcase 1&2, Shelves 1-16, Dark Blue Books 02/23/2024 1 MCM 813.54 PZ7.M47879 FISTK00446 04/09/2025 04/02/2025 1 02/23/2024 Books
    Dewey Decimal Classification     Juvenile Fiction Footprints International School Library Network Toul Kork Campus Footprints International School Library Network Toul Tom Poung Campus TTP Primary Dark Blue Bookshelves 02/21/2025 1 MCM 813.54 PZ7.M47879 2025-0664 05/16/2025 05/07/2025 2 02/21/2025 Books
    Dewey Decimal Classification     Juvenile Fiction Footprints International School Library Network Toul Tom Poung Campus Footprints International School Library Network Toul Tom Poung Campus TTP Primary Dark Blue Bookshelves 06/16/2025   MCM 813.54 PZ7.M47879 FIS00104 06/16/2025   3 06/16/2025 Books